Elementos básicos del socialismo democrático

Guardado en:
Bibliografiske detaljer
Hovedforfatter: Vargas Roldán, Jorge
Format: Texto
Udgivet: San José: CEDAL
Udgivelse:2
Tags: Tilføj Tag
Ingen Tags, Vær først til at tagge denne postø!

MARC

LEADER 00000 a a2200000 04500
001 15033
003
040
090 |a 028600  
100 |a Vargas Roldán, Jorge  
245 |a Elementos básicos del socialismo democrático  
250 |a 2  
260 |a San José:   |b CEDAL  
300 |a 30 p.  
999 |c 11672  |d 11672